Представление документа в формате MARC21

Поле Инд. ПП Название Значение
Тип записи a
Библиографический уровень c
001 Контрольный номер 117551
005 Дата корректировки 20241114105001.7
040 b Код языка каталог. rus
e Правила каталог. PSBO
041 0_ a Код языка текста rus
245 10 a Заглавие Учебно-методический комплекс дисциплины "Производственный менеджмент" направления подготовки 23.05.01 Наземные транспортно-технологические средства. Специализация: Технические средства природообустройства и защиты в чрезвычайных ситуациях
c Ответственность Каф. Менеджмент
b Продолж. заглавия ФГОС 3+
260 c Дата издания 2017
440 _0 a Серия УМК
516 8_ a Прим. о типе комп. файла/ данных Текст : электронный
535 1_ a Хранилище Сервер
856 40 u URL https://elib.tstu.tver.ru/MegaPro/GetDoc/Megapro/{docId}
900 a Имя макрообъекта @@@
901 t Тип документа x
905 a Дата создания записи 27.05.19
951 i EL-ТГТУ? Да
a EL-УМК? Готов
d EL-Информация? За электронные документы, представленные в УМК, несет ответственность кафедра и разработчик УМК
952 h НВВ-Полн.число УМКД 10 док.
990 h N записи в КСУ для Б/У (DOS) 12/2019э